Statistics for Guess the JoJo's Bizarre Adventure Character

Click here to take the quiz!

General Stats

  • This quiz has been taken 2,121 times
  • The average score is 8 of 20

Answer Stats

HintAnswer% Correct
A true gentlemanJonathan Joestar
90%
Like a fine wine, he gets better with ageJoseph Joestar
76%
Just wants to live a quiet lifeKira Yoshikage
67%
The phone is ringing!Doppio
65%
Hair EnthusiastJosuke Higashikata
62%
Likes to punch frogsWilliam Zeppeli
62%
No one can just deflect his attacksNoriaki Kakyoin
58%
Even he is afraid!Robert E. O. Speedwagon
57%
Death via bananaPolpo
46%
Pineapple HeadPesci
41%
Apparently a baseball fanEmporio Alnino
34%
Will do anything for his boyfriendEnrico Pucci
32%
The greatest in the world!Rudol Von Stroheim
28%
A very hands on apeForever
24%
Better not disrespect the duel in front of himWham!
24%
Can't seem to run away from his problemsJohnny Joestar
20%
Goes to jail just for revengeHermes Costello
11%
He protecc but he also attaccDire
10%
Literal piece of garbageJoshu Higashikata
8%
Half the man he used to beDiego Brando
7%

Score Distribution

Percentile by Number Answered

Percent of People with Each Score

Your Score History

You have not taken this quiz